000 00617nam a2200229 a 4500
999 _c3749
_d3749
001 3749
003 BD-JhCC
005 20190925134018.0
008 171118s19972000bg a|||| ||a| 001 0 ben d
020 _a9844120292
035 _a(BD-JhCC)3749
040 _aBD-JhCC
_dBD-JhCC
041 _aben
082 _a891.4415
_b MAH 1997
100 _aমাহমুদ, আল
245 _aকবিতাসমগ্র /
_cআল মাহমুদ
260 _aঢাকা :
_bঅনন্যা,
_c1997.
300 _a378 p. :
_c21 cm.
650 _aCollection of Poems
942 _2ddc
_cBK
_01